Wuthering Waves Trivia (3.3) - Statistics

General Stats
  • This quiz has been taken 7 times
  • The average score is 5 of 13
Answer Stats
Question Answer % Correct
If you have this mark, what are you? Resonator
80%
Who is the protagonist? Rover
80%
What is the name of the mark some characters have on their skin? Tacet Mark
80%
The antagonist? The Fractsidus
60%
What patch was given a 7/10? 2.5
40%
How many playable characters are there? (As of 3.3) 47
40%
How old is Encore? 9
40%
Who defied fate? Iuno
40%
What is the name of the Exostrider (before renaming itself) Baldur
20%
Who is the Jignle Beast? Lingyang
20%
What is a Jingle Beast? Suan'ni
20%
What is the above person's weapon? Bow
0%
What is said weapon made of? Lunarum Bough
0%
No matching quizzes found
Score Distribution
Percent of People with Each Score
Percentile by Number Answered
Your Score History
You have not taken this quiz